000 03602cam a2200349Ka 4500
001 ocn173273866
003 TZ-ArACH
005 2013071009469.0
008 070910s2007 fr e b 100 0 fre d
020 _a9782233005144 (pbk.)
020 _a2233005147 (pbk.)
035 _a(OCoLC)173273866
040 _aAUXAM
_beng
_cTZ-ArACH
_dTZT
_dGUL
_dCGU
_dMUQ
_dOCLCQ
041 _aFre
049 _aTZAA
050 4 _aKZ4043
_b.S62
082 1 4 _a341
_21
111 2 _aSociété française pour le droit international
_n40 :
_d2006 :
_cGrenoble.
_912514
245 1 3 _aNécessité en droit international : colloque de Grenoble /
_bcolloque de Grenoble /
_c40e colloque de la Société française pour le droit international.
246 1 _iAt head of title:
_aColloque de Grenoble
260 _aParis :
_bPédone,
_c2007.
300 _a384 p. ;
_c24 cm.
504 _aIncludes bibliographical references.
505 0 _a"Nécessité n'a pas de loi"? : la nécessité en droit international / Théodore Christakis -- La nécessité en droit public : prolongements théoriques de données historiques / François Saint-Bonnet -- La nécessité en droit administratif / Hafida Belrhali -- La nécessité et le droit pénal / Xavier Pin -- La nécessité en common law / Sarah Heathcote -- La nécessité et le droit communautaire / Rostane Mehdi -- La nécessité et le jus ad bellum / Olivier Corten -- La nécessité militaire dans le droit des conflits armés : essai de clarification conceptuelle / Robert Kolb -- La nécessité devant le juge de l'OMC / Hélène Ruiz Fabri -- L'invocation de l'état de nécessité écologique : les enseignements tirés d'une étude de cas / Pierre-Marie Dupuy -- La nécessité en droit de la mer / Tullio Treves -- Peut-on restreindre la démocratie au nom de la nécessité de la défendre? / Emmanuel Decaux, Henri Oberdorff -- Nécessité de lutte contre le terrorisme et protection internationale des droits de l'homme / Josiane Tercinet -- Nécessité et légitime défense dans la lutte contre le terrorisme : quelle est la pertinence de l'affaire de la Caroline aujourd'hui? / Michael Wood -- La nécessité de lutter contre le terrorisme : un argument justifiant le régime d'administration du territoire irakien? / Anne Lagerwall -- Les assassinats ciblés de terroristes présumés et l'argument de la nécessité / Jean-Christophe Martin -- L'argument de la nécessité dans les procès ayant suivi la Seconde Guerre mondiale / Karine Bannelier -- Nécessité militaire, "purification ethnique," état de nécessité / Rafaëlle Maison -- La justification, devant le tribunal pénal international pour l'ex-Yougoslavie, des pertes civiles ou de la destruction de biens civils par l'argument de nécessité militaire / Mihaela Ailincai -- L'apport de la jurisprudence internationale en matière de nécessité économique et financière avant 1945 / Orianne Osuna -- Le Fonds Monétaire International et la nécessité économique et financière : un système auto-réferentiel / Albane Geslin.
650 0 _aSelf-defense (International law)
_vCongresses.
_912515
650 0 _aNecessity (International law)
_vCongresses.
_912516
650 6 _aNécessité (Droit)
_vCongrès.
_912517
650 6 _aNécessité (Droit international)
_vCongrès.
_912518
650 6 _aLégitime défense (Droit international)
_vCongrès.
_912519
942 _2lcc
_cBOOK
999 _c2470
_d2470